Letras do Alfabeto Hebraico - Statistics

Estatísticas Gerais
  • Esse quiz foi jogado 340 vezes
  • A pontuação média é 18 de 22
Estatísticas das Respostas
Hint Letter % Correto
א Alef
98%
ב Bet
92%
ה He
90%
ו Vav
89%
ג Guímel
88%
ד Dalet
87%
ז Zayin
84%
ל Lamed
82%
מ Mem
81%
כ Kaf
80%
י Yod
80%
ח Het
79%
נ Nun
79%
ש Shin
78%
ת Tav
78%
פ Pe
76%
ט Tet
74%
ר Resh
71%
ע Ayin
69%
צ Tsadi
69%
ק Qof
66%
ס Samekh
64%
Nenhum quiz correspondente encontrado
Distribuição das Pontuações
Porcentagem de Pessoas com Cada Pontuação
Percentil de Números Respondidos
Sua Pontuação Histórica
Você não jogou esse quiz